Welcome to the Holygrace Academy Library

Please use search bar below to get started

MATHABODHANA SASTHRATHINU ORAMUGHAM (Record no. 5557)

MARC details
000 -LEADER
fixed length control field 00334nam a22001337a 4500
082 ## - DEWEY DECIMAL CLASSIFICATION NUMBER
Classification number 894.812
Item number KOC/M
100 ## - MAIN ENTRY--AUTHOR NAME
Personal name KOCHUPARAMBIL, ZAVIER
245 ## - TITLE STATEMENT
Title MATHABODHANA SASTHRATHINU ORAMUGHAM
260 ## - PUBLICATION, DISTRIBUTION, ETC. (IMPRINT)
Place of publication KOCHI
Name of publisher PASTORAL ORIENTATION CENTRE
Year of publication 1995
300 ## - PHYSICAL DESCRIPTION
Number of Pages 176
520 ## - SUMMARY, ETC.
Summary, etc ABOUT RELIGIOUS
650 ## - SUBJECT ADDED ENTRY--TOPICAL TERM
Topical Term ABOUT RELIGIOUS
942 ## - ADDED ENTRY ELEMENTS (KOHA)
Koha item type Books
Holdings
Withdrawn status Lost status Collection code Home library Current library Shelving location Date acquired Source of acquisition Cost, normal purchase price Full call number Accession Number Koha item type
    Fiction Main Library Main Library SHELF-16L- MALAYALAM BIOGRAPHY,STUDIES/CRITICISM 16/03/2018 Purchase 40.00 894.812 KOC/M 10179 Books